Monk On Riverside 1955-57, vol. 01 (Record n. 99786)
[ formato base ]
| 000 -LEADER | |
|---|---|
| fixed length control field | 02292njm a2200409Ia 4500 |
| 001 - CONTROL NUMBER | |
| control field | 25879 |
| 003 - CONTROL NUMBER IDENTIFIER | |
| control field | IT-RoPAU |
| 005 - DATE AND TIME OF LATEST TRANSACTION | |
| control field | 20220918181121.0 |
| 008 - FIXED-LENGTH DATA ELEMENTS--GENERAL INFORMATION | |
| fixed length control field | 131025s9999 xx 000 0 und d |
| 040 ## - CATALOGING SOURCE | |
| Original cataloging agency | IT-RoPAU |
| 040 ## - CATALOGING SOURCE | |
| Transcribing agency | IT-RoPAU |
| 999 ## - SYSTEM CONTROL NUMBERS (KOHA) | |
| Koha Dewey Subclass [OBSOLETE] | SI |
| 100 ## - MAIN ENTRY--PERSONAL NAME | |
| Personal name | AA.VV. |
| 9 (RLIN) | 794 |
| 100 ## - MAIN ENTRY--PERSONAL NAME | |
| Relator term | Autore musica |
| 9 (RLIN) | 14646 |
| 100 ## - MAIN ENTRY--PERSONAL NAME | |
| Miscellaneous information | Codice autore musica SPICS: 12000 |
| 9 (RLIN) | 796 |
| 245 ## - TITLE STATEMENT | |
| Title | Monk On Riverside 1955-57, vol. 01 |
| 250 ## - EDITION STATEMENT | |
| Edition statement | 2a ed. |
| 260 ## - PUBLICATION, DISTRIBUTION, ETC. (IMPRINT) | |
| Place of publication, distribution, etc. | MILANO |
| 260 ## - PUBLICATION, DISTRIBUTION, ETC. (IMPRINT) | |
| Name of publisher, distributor, etc. | RIVERSIDE RECORDS |
| Date of publication, distribution, etc. | 1984 [1a Ed.:1955 - Ed. Lingua Orig.: 1955] |
| 300 ## - PHYSICAL DESCRIPTION | |
| Extent | DISCO |
| 300 ## - PHYSICAL DESCRIPTION | |
| Dimensions | 36 minuti (Testo: pag.) |
| 500 ## - GENERAL NOTE | |
| General note | Musica jazz |
| 505 ## - FORMATTED CONTENTS NOTE | |
| Formatted contents note | It Don't Mean a Thing [(21/27 luglio 1955) (5:00)] - Sophisticated Lady [(21/27 luglio 1955) (5:00)] - I Got It Bad [(21/27 luglio 1955) (6:00)] - Black and Tan Fantasy [(21/27 luglio 1955) (4:00)] - Mood Indigo [(21/27 luglio 1955) (4:00)] - I Let a Song Go Out of My Heart [(21/27 luglio 1955) (6:00)] - Solitude [(21/27 luglio 1955) (4:00)] - Caravan [(21/27 luglio 1955) (6:00)] |
| 511 ## - PARTICIPANT OR PERFORMER NOTE | |
| Participant or performer note | Monk Theolonius: piano; Pettiford Oscar: basso; Clarke Kenny: drums |
| 650 ## - SUBJECT ADDED ENTRY--TOPICAL TERM | |
| Topical term or geographic name as entry element | JAZZ [DISCHI] |
| Relator term | Codice MATERIA SPICS: 9950 |
| 9 (RLIN) | 14647 |
| 700 ## - ADDED ENTRY--PERSONAL NAME | |
| Personal name | Monk Thelonious |
| Miscellaneous information | Codice interprete SPICS: 10795 |
| Relator term | Interprete |
| 9 (RLIN) | 14648 |
| 700 ## - ADDED ENTRY--PERSONAL NAME | |
| Personal name | Ellington Duke |
| Miscellaneous information | Codice autore musica SPICS: 13023 |
| Relator term | Autore musica |
| 9 (RLIN) | 14649 |
| 700 ## - ADDED ENTRY--PERSONAL NAME | |
| Personal name | Mills Irving |
| Miscellaneous information | Codice autore SPICS: 13027 |
| Relator term | Autore |
| Name of part/section of a work | It Don't Mean a Thing - Sophisticated Lady - Mood Indigo - I Let a Song Go Out of My Heart - Solitude - Caravan |
| 9 (RLIN) | 14650 |
| 700 ## - ADDED ENTRY--PERSONAL NAME | |
| Personal name | Parish Mitchell |
| Miscellaneous information | Codice autore testo/musica SPICS: 23767 |
| Relator term | Autore testo/musica |
| Name of part/section of a work | Sophisticated Lady |
| 9 (RLIN) | 14651 |
| 700 ## - ADDED ENTRY--PERSONAL NAME | |
| Personal name | Webster Benjamin Francis (Ben) |
| Miscellaneous information | Codice autore SPICS: 14419 |
| Relator term | Autore |
| Name of part/section of a work | I Got It Bad |
| 9 (RLIN) | 14652 |
| 700 ## - ADDED ENTRY--PERSONAL NAME | |
| Personal name | Miley Bubber |
| Miscellaneous information | Codice autore musica SPICS: 16296 |
| Relator term | Autore musica |
| Name of part/section of a work | Black and Tan Fantasy |
| 9 (RLIN) | 14653 |
| 700 ## - ADDED ENTRY--PERSONAL NAME | |
| Personal name | Bigard Barney |
| Miscellaneous information | Codice autore testo/musica SPICS: 16329 |
| Relator term | Autore testo/musica |
| Name of part/section of a work | Mood Indigo |
| 9 (RLIN) | 14654 |
| 700 ## - ADDED ENTRY--PERSONAL NAME | |
| Personal name | Redmond |
| Miscellaneous information | Codice autore testo/musica SPICS: 27922 |
| Relator term | Autore testo/musica |
| Name of part/section of a work | I Let a Song Go Out of My Heart |
| 9 (RLIN) | 14655 |
| 700 ## - ADDED ENTRY--PERSONAL NAME | |
| Personal name | De Lange E. |
| Miscellaneous information | Codice autore SPICS: 20736 |
| Relator term | Autore |
| Name of part/section of a work | Solitude |
| 9 (RLIN) | 14656 |
| 700 ## - ADDED ENTRY--PERSONAL NAME | |
| Personal name | Tizol Juan |
| Miscellaneous information | Codice autore SPICS: 20356 |
| Relator term | Autore |
| Name of part/section of a work | Caravan |
| 9 (RLIN) | 14657 |
| 942 ## - ADDED ENTRY ELEMENTS (KOHA) | |
| Koha item type | DISCHI |
| Source of classification or shelving scheme | Dewey Decimal Classification |
| Withdrawn status | Lost status | Damaged status | Not for loan | Home library | Current library | Date acquired | Total Checkouts | Full call number | Date last seen | Price effective from | Koha item type | Public note |
|---|---|---|---|---|---|---|---|---|---|---|---|---|
| Buone Condizioni | Not For Loan | SPICS-MEDIATECA | SPICS-MEDIATECA | 25/10/2013 | 25879 | 25/10/2013 | 25/10/2013 | DISCHI | Progr. Ins.: 5752 / N.Vol.: 1 / Copie: 1 - Copia rara: SI / date import: 01.01.2014 - By Epidotti, Trombetti, Vaglietti |